The Sharpe Series - Statistics

General Stats
  • This quiz has been taken 52 times
    7 since last reset
  • The average score is 15 of 27
Answer Stats
First Publication Year Answer % Correct
1981 Sharpe's Eagle
86%
1988 Sharpe's Rifles
86%
1982 Sharpe's Company
71%
1984 Sharpe's Enemy
71%
1999 Sharpe's Fortress
71%
1981 Sharpe's Gold
71%
2000 Sharpe's Trafalgar
71%
1990 Sharpe's Waterloo
71%
1995 Sharpe's Battle
57%
1994 (Short Story) Sharpe's Christmas
57%
1985 Sharpe's Honour
57%
1986 Sharpe's Regiment
57%
1989 Sharpe's Revenge
57%
1987 Sharpe's Siege
57%
1983 Sharpe's Sword
57%
1997 Sharpe's Tiger
57%
2021 Sharpe's Assassin
43%
2023 Sharpe's Command
43%
1995 Sharpe's Devil
43%
2003 Sharpe's Havoc
43%
2001 Sharpe's Prey
43%
1999 (Short Story) Sharpe's Skirmish
43%
1998 Sharpe's Triumph
43%
2004 Sharpe's Escape
29%
1994 (Short Story) Sharpe's Ransom
29%
2025 Sharpe's Storm
29%
2007 Sharpe's Fury
14%
No matching quizzes found
Score Distribution
Percent of People with Each Score
Percentile by Number Answered
Your Score History
You have not taken this quiz since the last reset